|
|
|
|
| LEADER |
01258nam a2200289 a 4500 |
| 001 |
16633245 |
| 008 |
111218s2011 nyua b 001 0 eng d |
| 010 |
|
|
|a 2011004357
|
| 020 |
|
|
|a 9780230284524 (hardback)
|
| 040 |
|
|
|a DLC
|c DLC
|d BD-DhAAL
|
| 082 |
0 |
0 |
|a 352.367
|2 22
|
| 245 |
0 |
0 |
|a Innovation in the public sector :
|b linking capacity and leadership /
|c edited by Victor Bekkers, Jurian Edelenbos, and Bram Steijn.
|
| 260 |
|
|
|a New York :
|b Palgrave Macmillan,
|c 2011.
|
| 300 |
|
|
|a x, 252 p. :
|b ill. ;
|c 23 cm.
|
| 490 |
0 |
|
|a Governance and public management series
|
| 504 |
|
|
|a Includes bibliographical references (p. 223-241) and index.
|
| 541 |
1 |
|
|e 00023993
|
| 650 |
|
0 |
|a Organizational change.
|
| 650 |
|
0 |
|a Administrative agencies
|x Management.
|
| 650 |
|
7 |
|a POLITICAL SCIENCE / Government / State & Provincial
|2 bisacsh.
|
| 650 |
|
7 |
|a POLITICAL SCIENCE / Political Process / General
|2 bisacsh.
|
| 700 |
1 |
|
|a Bekkers, V. J. J. M.
|
| 700 |
1 |
|
|a Edelenbos, Jurian.
|
| 700 |
1 |
|
|a Steijn, Abraham Jan,
|d 1959-
|
| 852 |
1 |
|
|a Ayesha Abed Library
|j General shelf
|
| 999 |
|
|
|c 11624
|d 11624
|
| 952 |
|
|
|0 0
|1 0
|2 ddc
|4 0
|6 352_367000000000000_INN
|7 0
|9 18914
|a IGS
|b IGS
|c GEN
|d 2011-12-18
|e Amazon
|g 5488.00
|l 1
|m 3
|o 352.367 INN
|p 3010023993
|r 2014-06-09
|s 2012-12-31
|t 1
|w 2011-12-18
|y BK
|